000 00725nam a2200217Ia 4500
003 IN-BaIIA
008 211028s9999 xx s 000 0 eng d
020 _a2-86883-893-6 (Online)
022 _a1633-4760 (Print)
022 _a1638-1963 (Online)
040 _cIIA Library
100 _aAlecian, G., ed.
_938149
245 0 _aElement Stratification in Stars: 40 Years of Atomic Diffusion
_h[eBook]
260 _aFrance
_bEDP Sciences
_c2005
300 _aiii, 360p.
490 _aEAS Publications Series
700 _aRichard, O., ed.
_938150
700 _aVauclair, S., ed.
_913215
856 _uhttps://www.eas-journal.org/articles/eas/abs/2005/04/contents/contents.html
_yClick Here to Access eBook
942 _cEB
999 _c20611
_d20611